| 000 | 00348cam a22001217a 4500 | ||
|---|---|---|---|
| 008 | 180718b1961 xxu||||| |||| 00| 0 eng d | ||
| 082 | _aT19x547 Q62 | ||
| 100 | _aQureshi, Anwar Iqbal | ||
| 245 |
_aDevelopments in Pakistan economy _cby Anwar Iqbal Qureshi |
||
| 260 |
_aKaranchi _bNabeel Pub. _c1961 |
||
| 300 | _a195p. | ||
| 650 | _aEconomics-Pakistan | ||
| 999 |
_c501661 _d501661 |
||